The goals of competition law / (Record no. 187514)

MARC details
000 -LEADER
fixed length control field 01775nam a2200445 i 4500
001 - CONTROL NUMBER
control field EBC866991
003 - CONTROL NUMBER IDENTIFIER
control field MiAaPQ
005 - DATE AND TIME OF LATEST TRANSACTION
control field 20211014155326.0
006 - FIXED-LENGTH DATA ELEMENTS--ADDITIONAL MATERIAL CHARACTERISTICS
fixed length control field m o d |
007 - PHYSICAL DESCRIPTION FIXED FIELD--GENERAL INFORMATION
fixed length control field cr cn|||||||||
008 - FIXED-LENGTH DATA ELEMENTS--GENERAL INFORMATION
fixed length control field 110811s2012 enkac sb 101 0 eng d
010 ## - LIBRARY OF CONGRESS CONTROL NUMBER
Canceled/invalid LC control number 2011936414
020 ## - INTERNATIONAL STANDARD BOOK NUMBER
Canceled/invalid ISBN 9780857936608 (hardback)
020 ## - INTERNATIONAL STANDARD BOOK NUMBER
International Standard Book Number 9780857936615 (e-book)
035 ## - SYSTEM CONTROL NUMBER
System control number (MiAaPQ)EBC866991
035 ## - SYSTEM CONTROL NUMBER
System control number (Au-PeEL)EBL866991
035 ## - SYSTEM CONTROL NUMBER
System control number (CaPaEBR)ebr10537773
035 ## - SYSTEM CONTROL NUMBER
System control number (CaONFJC)MIL358802
035 ## - SYSTEM CONTROL NUMBER
System control number (OCoLC)779828535
040 ## - CATALOGING SOURCE
Original cataloging agency MiAaPQ
Transcribing agency MiAaPQ
Modifying agency MiAaPQ
110 2# - MAIN ENTRY--CORPORATE NAME
Corporate name or jurisdiction name as entry element ASCOLA.
Subordinate unit Workshop on Comparative Competition Law
Number of part/section/meeting (5th :
Date of meeting or treaty signing 2010 :
Location of meeting Bonn, Germany)
245 14 - TITLE STATEMENT
Title The goals of competition law /
Statement of responsibility, etc. edited by Daniel Zimmer.
264 #1 - PRODUCTION, PUBLICATION, DISTRIBUTION, MANUFACTURE, AND COPYRIGHT NOTICE
Place of production, publication, distribution, manufacture Cheltenham, U.K. :
Name of producer, publisher, distributor, manufacturer Edward Elgar,
Date of production, publication, distribution, manufacture, or copyright notice 2012.
264 #1 - PRODUCTION, PUBLICATION, DISTRIBUTION, MANUFACTURE, AND COPYRIGHT NOTICE
Place of production, publication, distribution, manufacture Singapore :
Name of producer, publisher, distributor, manufacturer Institute of Souteast Asian Studies,
Date of production, publication, distribution, manufacture, or copyright notice 2009.
300 ## - PHYSICAL DESCRIPTION
Extent 1 online resource
336 ## - CONTENT TYPE
Content type term text
Source rdacontent
337 ## - MEDIA TYPE
Media type term computer
Source rdamedia
338 ## - CARRIER TYPE
Carrier type term online resource
Source rdacarrier
490 1# - SERIES STATEMENT
Series statement ASCOLA competition law
504 ## - BIBLIOGRAPHY, ETC. NOTE
Bibliography, etc. note Includes bibliographical references and index.
533 ## - REPRODUCTION NOTE
Type of reproduction Electronic reproduction. Ann Arbor, MI : ProQuest, 2015. Available via World Wide Web. Access may be limited to ProQuest affiliated libraries.
650 #0 - SUBJECT ADDED ENTRY--TOPICAL TERM
Topical term or geographic name entry element Antitrust law
Form subdivision Congresses.
650 #0 - SUBJECT ADDED ENTRY--TOPICAL TERM
Topical term or geographic name entry element Antitrust law
General subdivision Economic aspects
Form subdivision Congresses.
650 #0 - SUBJECT ADDED ENTRY--TOPICAL TERM
Topical term or geographic name entry element Antitrust law (International law)
Form subdivision Congresses.
655 #4 - INDEX TERM--GENRE/FORM
Genre/form data or focus term Electronic books.
700 1# - ADDED ENTRY--PERSONAL NAME
Personal name Zimmer, Daniel.
710 2# - ADDED ENTRY--CORPORATE NAME
Corporate name or jurisdiction name as entry element ProQuest (Firm)
830 #0 - SERIES ADDED ENTRY--UNIFORM TITLE
Uniform title ASCOLA competition law.
856 40 - ELECTRONIC LOCATION AND ACCESS
Uniform Resource Identifier https://ezproxy.taylors.edu.my/login?url=https://ebookcentral.proquest.com/lib/taylors/detail.action?docID=866991
Public note An electronic book accessible through the World Wide Web; click to view
Holdings
Withdrawn status Lost status Damaged status Not for loan Home library Current library Date acquired Total Checkouts Date last seen Price effective from Koha item type
      e-book Taylor's Library-TU Taylor's Library - Perpetual(TU) 26/02/2026   26/02/2026 26/02/2026 Main Collection